[Event "Leiden SB-ch 1920"]
[Site "Leiden"]
[Date "2019.11.29"]
[Round "2"]
[White "Evenhuis, Wybe"]
[Black "Arnold, Rhys"]
[Result "1-0"]
[WhiteElo "1862"]
[BlackElo "1620"]
[PlyCount "199"]
[EventDate "2019.11.08"]
[EventType "swiss"]
[EventRounds "7"]
[EventCountry "NED"]
[SourceTitle "EXT 2023"]
[Source "ChessBase"]
[SourceDate "2022.10.05"]
[SourceVersion "1"]
[SourceVersionDate "2022.10.05"]
[SourceQuality "1"]

1. d4 f5 2. Nf3 Nf6 3. h3 e6 4. g4 fxg4 5. Ng5 gxh3 6. Bxh3 h6 7. Bg2 Be7 8. Qd3 0-0 9. Nh3 Bd6 10. Bxh6 Qe7 11. Bg5 Nc6 12. Bxc6 bxc6 13. Nd2 Qf7 14. Be3 Nh7 15. Nf4 Qf5 16. Nh5 Qxd3 17. exd3 Nf6 18. 0-0-0 Nxh5 19. Rxh5 Rf5 20. Rh3 c5 21. Ne4 cxd4 22. Bxd4 Bf4+ 23. Kb1 e5 24. Bc3 d5 25. Nc5 Bh6 26. Rg1 Bf4 27. Rgh1 Bh6 28. R3h2 Kf7 29. Re1 Bf4 30. Rh8 a5 31. b3 Ke7 32. Bb2 Kd6 33. Ba3 Kc6 34. Rg1 Bg5 35. Rh5 Bf6 36. Rh2 Rg5 37. Rxg5 Bxg5 38. Na4 Be6 39. Rh5 Bf6 40. Bb2 Bg4 41. Rh1 Be6 42. Re1 Kd6 43. Nc3 Rb8 44. a4 c6 45. Ne2 Rh8 46. Bc3 Ra8 47. Ng1 Bg4 48. Ne2 c5 49. Ng3 Bd7 50. Bd2 Ra6 51. Rh1 Ra8 52. Rg1 Be6 53. Nh5 Ra7 54. Rg3 Kc6 55. Nxf6 gxf6 56. Rg6 Kd6 57. Rxf6 Rf7 58. Rxf7 Bxf7 59. Bxa5 Be8 60. Bd8 Bc6 61. c3 c4 62. dxc4 dxc4 63. Kb2 cxb3 64. Kxb3 e4 65. Kb4 Kd7 66. Bg5 Kc7 67. a5 Kb7 68. Kc5 Be8 69. Kd5 Bc6+ 70. Kd6 Bb5 71. Ke5 Bc6 72. c4 Ka6 73. Bd8 Kb7 74. Kd6 Be8 75. c5 Kc8 76. Bg5 Bb5 77. c6 Ba6 78. Kc5 Kb8 79. Kb6 Bc8 80. Bf4+ Ka8 81. Be3 Kb8 82. a6 Ka8 83. a7 Bd7 84. c7 Bc8 85. Kc6 Bh3 86. Kd5 Bf5 87. Ke5 Bc8 88. Kxe4 Bd7 89. Kd5 Kb7 90. Kd6 Bc8 91. Ke7 Ka8 92. f4 Bf5 93. Kd6 Be4 94. Ke5 Bb7 95. f5 Bc8 96. f6 Kb7 97. f7 Bd7 98. f8Q Bc8 99. a8Q+ Kxa8 100. Qxc8# 1-0

[Event "NED-ch U12 op"]
[Site "Borne"]
[Date "2019.08.09"]
[Round "10"]
[White "Kazarjan, Gachatur"]
[Black "Arnold, Rhys"]
[Result "0-1"]
[WhiteElo "1542"]
[BlackElo "1379"]
[PlyCount "68"]
[EventDate "2019.08.05"]
[EventType "swiss"]
[EventRounds "13"]
[EventCountry "NED"]
[SourceTitle "EXT 2020"]
[Source "ChessBase"]
[SourceDate "2019.10.17"]
[SourceVersion "1"]
[SourceVersionDate "2019.10.17"]
[SourceQuality "1"]

1. e4 c5 2. Nf3 Nc6 3. d4 cxd4 4. Nxd4 e5 5. Nb5 d6 6. Be3 Nf6 7. f3 a6 8. N5a3 Be6 9. c4 Be7 10. Be2 0-0 11. 0-0 Rc8 12. Nc3 h6 13. Nd5 Bxd5 14. cxd5 Nb8 15. Nc4 Nbd7 16. b4 Nh7 17. Na5 Rb8 18. Rc1 Bg5 19. f4 Bxf4 20. Bxf4 exf4 21. Rxf4 Qg5 22. Rf3 Ne5 23. Rg3 Qe7 24. Qd2 Kh8 25. Nc4 Nf6 26. Qd4 Rbc8 27. Re1 Rfe8 28. Ne3 g6 29. Ng4 Nfxg4 30. Bxg4 Rc4 31. Qb2 Kh7 32. Ree3 Qc7 33. Re2 f5 34. Bf3 Rc1+ 0-1